Chief of Station / directed by Jesse V. Johnson ; written by George Mahaffey ; produced by Jonathan Halperyn [and 3 others]. (Record no. 21002)

000 -LEADER
fixed length control field 01294nam a22003257a 4500
008 - FIXED-LENGTH DATA ELEMENTS--GENERAL INFORMATION
fixed length control field 250529b xxu||||| |||| 00| 0 eng d
040 ## - CATALOGING SOURCE
Transcribing agency Cagayan State University
050 ## - LIBRARY OF CONGRESS CALL NUMBER
Classification number 791.4372
Item number C533
245 ## - TITLE STATEMENT
Title Chief of Station / directed by Jesse V. Johnson ; written by George Mahaffey ; produced by Jonathan Halperyn [and 3 others].
260 ## - PUBLICATION, DISTRIBUTION, ETC. (IMPRINT)
Place of publication, distribution, etc United States :
Name of publisher, distributor, etc Vertical,
Date of publication, distribution, etc 2024.
300 ## - PHYSICAL DESCRIPTION
Extent 1 videofile, (ca. 116 mins.) :
Other physical details sound, color.
520 ## - SUMMARY, ETC.
Summary, etc After learning that the death of his wife was not an accident, a former CIA Station Chief is forced back into the espionage underworld, teaming up with an adversary to unravel a conspiracy that challenges everything he thought he knew.
546 ## - LANGUAGE NOTE
Language note In English subtitle.
650 ## - SUBJECT ADDED ENTRY--TOPICAL TERM
Topical term or geographic name as entry element Conspiracy Thiller.
650 ## - SUBJECT ADDED ENTRY--TOPICAL TERM
Topical term or geographic name as entry element Spy.
650 ## - SUBJECT ADDED ENTRY--TOPICAL TERM
Topical term or geographic name as entry element Action.
650 ## - SUBJECT ADDED ENTRY--TOPICAL TERM
Topical term or geographic name as entry element Thiller.
700 ## - ADDED ENTRY--PERSONAL NAME
Personal name eckhart, Aaron, star.
700 ## - ADDED ENTRY--PERSONAL NAME
Personal name kurylenko, Olga, star.
700 ## - ADDED ENTRY--PERSONAL NAME
Personal name Pettyfer, Alex, star.
700 ## - ADDED ENTRY--PERSONAL NAME
Personal name Bemhardt, Daniel, star.
700 ## - ADDED ENTRY--PERSONAL NAME
Personal name Petrovski, Chris, star.
700 ## - ADDED ENTRY--PERSONAL NAME
Personal name Moran, Nick, star.
700 ## - ADDED ENTRY--PERSONAL NAME
Personal name Johnson, Kris, star.
700 ## - ADDED ENTRY--PERSONAL NAME
Personal name Faulkner, James, star.
700 ## - ADDED ENTRY--PERSONAL NAME
Personal name Hall, Jonathan, Cinematographer.
700 ## - ADDED ENTRY--PERSONAL NAME
Personal name Lorentz, Matthew, editor.
700 ## - ADDED ENTRY--PERSONAL NAME
Personal name Blackburn,Richard, editor.
942 ## - ADDED ENTRY ELEMENTS (KOHA)
Source of classification or shelving scheme
Item type Audio-Visual Materials
Holdings
Source of acquisition Price effective from Permanent location Date last seen Not for loan Date acquired Source of classification or shelving scheme Koha item type Collection code Shelving location Damaged status Lost status Withdrawn status Current location
Donation2025-05-29Cagayan State University - Carig Library2025-05-29 2025-05-29 Audio-Visual MaterialsElectronic Media CenterElectronic Media Center   Cagayan State University - Carig Library

Cagayan State University University Library, Carig Campus
Tuguegarao City, Cagayan 3500 | www.csucarig.edu.ph

Powered by Koha